America's wild west (Record no. 284648)
[ view plain ]
| 000 -LEADER | |
|---|---|
| fixed length control field | 01742nam a2200361 4500 |
| 005 - DATE AND TIME OF LATEST TRANSACTION | |
| control field | 20200320192825.0 |
| 007 - PHYSICAL DESCRIPTION FIXED FIELD--GENERAL INFORMATION | |
| fixed length control field | vd cvaizs |
| 008 - FIXED-LENGTH DATA ELEMENTS--GENERAL INFORMATION | |
| fixed length control field | 140404s2014 xxu e vleng d |
| 024 1# - OTHER STANDARD IDENTIFIER | |
| Standard number or code | 841887020572 (videodisc) |
| 035 ## - SYSTEM CONTROL NUMBER | |
| System control number | (OCoLC) |
| 040 ## - CATALOGING SOURCE | |
| Original cataloging agency | MM LLC |
| Language of cataloging | eng |
| Transcribing agency | MM LLC |
| Description conventions | rda |
| 082 0# - DEWEY DECIMAL CLASSIFICATION NUMBER | |
| Classification number | 978.02X |
| Edition number | 23 |
| 245 00 - TITLE STATEMENT | |
| Title | America's wild west |
| Medium | [videorecording]. |
| 250 ## - EDITION STATEMENT | |
| Edition statement | Widescreen ed. |
| 260 ## - PUBLICATION, DISTRIBUTION, ETC. (IMPRINT) | |
| Name of publisher, distributor, etc | PBS Direct, |
| Date of publication, distribution, etc | 2014. |
| 300 ## - PHYSICAL DESCRIPTION | |
| Extent | 3 videodiscs (570 min.) : |
| Other physical details | sound, color ; |
| Dimensions | 4 3/4 in. |
| 336 ## - Content Type | |
| Content type term | two-dimensional moving image |
| 337 ## - Media type | |
| Media type term | video |
| 338 ## - Carrier type | |
| Carrier type term | videodisc |
| 344 ## - | |
| -- | digital |
| -- | optical |
| -- | rda. |
| 347 ## - | |
| -- | video file |
| -- | DVD video |
| -- | all regions |
| -- | rda. |
| 500 ## - GENERAL NOTE | |
| General note | Includes 8 films. |
| 511 1# - PARTICIPANT OR PERFORMER NOTE | |
| Participant or performer note | Annie Oakley, Billy the Kid, Buffalo Bill, Butch Cassidy & The Sundance Kid, Custer's Last Stand, Jesse James, Kit Carson, Wyatt Earp. |
| 520 ## - SUMMARY, ETC. | |
| Summary, etc | The men and women who helped to tame the west were larger-than-life Americans. Both heroes and villains, they captured the imagination of a nation and inspired a stream of dime novels, television shows, and big-screen dramas. Step into the past with AMERICAN EXPERIENCE, and uncover the real stories behind the legendary figures whose lives and exploits took center stage in the invention of the mythic Wild West. |
| 521 ## - TARGET AUDIENCE NOTE | |
| Target audience note | Rating: . |
| 538 ## - SYSTEM DETAILS NOTE | |
| System details note | DVD, widescreen, NTSC. |
| 546 ## - LANGUAGE NOTE | |
| Language note | English audio, Closed-captioned. |
| 700 1# - ADDED ENTRY--PERSONAL NAME | |
| Personal name | Oakley, Annie. |
| 9 (RLIN) | 74594 |
| 710 ## - ADDED ENTRY--CORPORATE NAME | |
| Corporate name or jurisdiction name as entry element | American Experience (firm). |
| 9 (RLIN) | 5891611 |
| 942 ## - ADDED ENTRY ELEMENTS (KOHA) | |
| Koha item type | DVD |
| 948 ## - LOCAL PROCESSING INFORMATION (OCLC); SERIES PART DESIGNATOR (RLIN) | |
| Series part designator, SPT (RLIN) | 09/22/2014 |
| z (OCLC) | Sirsi |
| 996 ## - | |
| -- | 112273 |
| -- | 34301001387986 |
| -- | DVD |
| -- | DVD |
| -- | wcl |
| -- | i |
| -- | 7 |
| -- | 39.99 |
| -- | .CIRCNOTE. 3 discs |
| -- | micro |
| -- | 978.02 Ame |
| -- | 09/22/2014 |
| -- | 02/25/2020 |
| -- | 02/18/2020 |
| Withdrawn status | Lost status | Source of classification or shelving scheme | Materials specified (bound volume or other part) | Damaged status | Not for loan | Collection code | Home library | Current library | Shelving location | Date acquired | Source of acquisition | Cost, normal purchase price | Total Checkouts | Total Renewals | Full call number | Barcode | Date last seen | Date checked out | Cost, replacement price | Price effective from | Koha item type |
|---|---|---|---|---|---|---|---|---|---|---|---|---|---|---|---|---|---|---|---|---|---|
| Dewey Decimal Classification | .CIRCNOTE. 3 discs | Movies | Wasatch County Library | Wasatch County Library | Audio Visual Area | 09/22/2014 | 39.99 | 10 | 4 | DVD 978.02 Ame | 34301001387986 | 09/18/2025 | 08/30/2025 | 39.99 | 03/20/2020 | DVD |
